| 000 | 00591nam a2200193 i 4500 | ||
|---|---|---|---|
| 001 | 136944 | ||
| 003 | ES-MaACL | ||
| 005 | 20231230063006.0 | ||
| 007 | t| | ||
| 008 | 070214s1959 sp r ||||1| spa d | ||
| 080 | _a396:929 | ||
| 100 | 1 |
_aSainz de Robles, Federico Carlos, _d1898-1982 _9101593 |
|
| 245 | 1 | 0 |
_aEnsayo de un diccionario de mujeres célebres / _cFederico Carlos Sainz de Robles. |
| 260 |
_aMadrid : _bAguilar, _c1959. |
||
| 300 |
_a1269 p., 15 lám. : _bil. ; _c25 cm. |
||
| 650 | 4 |
_aMujeres- _xBiografías. _915255 |
|
| 852 | 4 |
_aES-MaACL _jC-15372 |
|
| 999 |
_c136944 _d136944 |
||